| 000 | 00419nam a22001457a 4500 | ||
|---|---|---|---|
| 003 | SGT | ||
| 082 |
_a615 _bA11M |
||
| 100 | _a MINISTRY OF HEALTH & FAMILY WELFARE. | ||
| 245 | _aATLAS OF MACROSCOPIC & MICROSCOPIC CHARACTERS OF AYURVEDIC PHARMACOPIEIAL DRUGS-1 | ||
| 250 | _a1ST | ||
| 260 |
_aDELHI _b MINISTRY OF HEALTH & FAMILY WELFARE. _c2011 |
||
| 300 | _a255 | ||
| 650 | _aAYURVEDA ATLAS AND DRUGS | ||
| 942 |
_2ddc _cBK |
||
| 999 |
_c8636 _d8636 |
||